000
00282nam a2200121Ia 4500
008
220216s9999 xx 000 0 und d
100
_a
Thomas K U
245
0
_a
Aadaya vardhanavinu rainguarding
260
_b
Rubber
_c
2008
300
_a
6-8.
650
_a
Rainguarding
942
_c
ML
999
_c
72837
_d
72837